Unternehmensplanung : Grundzüge der modell-und computergestützen Planung mit Übungen /

Na minha lista:
Detalhes bibliográficos
Autor principal: Rosenkranz, Friedrich (Author)
Formato: Livro
Idioma:alemão
Publicado em: Wien-München : R.Oldenbourg, 1990
Assuntos:
Tags: Adicionar Tag
Sem tags, seja o primeiro a adicionar uma tag!

MARC

LEADER 00000nam a22000003a 4500
001 stu42404
005 20150617225720.5
008 940323s1990----gw------------------ger-d
020 |a 3-486-21502-7 
040 |a STU  |b slo 
041 0 |a ger 
044 |a gw 
080 |a 658 
100 1 |a Rosenkranz, Friedrich  |4 aut 
245 1 |a Unternehmensplanung :  |b Grundzüge der modell-und computergestützen Planung mit Übungen /  |c [aut.]Friedrich Rosenkranz 
260 |a Wien-München :  |b R.Oldenbourg,  |c 1990 
300 |a 227 s 
650 7 |a hospodárstvo podnikové  |2 stusub 
650 7 |a plánovanie  |2 stusub 
650 7 |a podniky  |2 stusub 
996 |b 284M026034  |c M*8620-1  |l MMKN  |s A  |a 24  |w stu42404_0001